000 01113nam a2200325 a 4500
001 4031560
003 OSt
005 20230622145913.0
008 971023s1997 ke b 000 0 eng
010 _a 97981290
020 _a9966900209
040 _aDLC
_cDLC
042 _alcode
043 _af-sj---
082 _a330
_bELA
100 1 _aElamin, Nasredin A. Hag.
245 1 0 _aAdjustment programmes and agricultural incentives in Sudan :
_ba comparative study /
_cby Nasredin A. Hag Elamin and Elsheikh M. El Mak.
260 _aNairobi :
_bAfrican Economic Research Consortium,
_cc1997.
300 _a51 p. ;
_c25 cm.
440 0 _aAERC research paper ;
_v63
500 _a"March 1997."
504 _aIncludes bibliographical references (p. [48]-51).
650 0 _aAgriculture and state
_zSudan.
650 0 _aStructural adjustment (Economic policy)
_zSudan.
650 0 _aIncentives in industry
_zSudan
700 1 _aMak, Elsheikh M. El.
906 _a7
_bcbc
_corigode
_d3
_encip
_f19
_gy-gencatlg
942 _2ddc
_cBK
999 _c2357
_d2357